| 000 | 01825nam a2200409 c 4500 | ||
|---|---|---|---|
| 999 |
_c71296 _d71296 |
||
| 003 | BLK | ||
| 005 | 20231115094245.0 | ||
| 008 | 180408b bul|||||r ||||||| ||bul|| | ||
| 010 | _aKNG00075664000 | ||
| 020 | _a954-8571-29-3 | ||
| 040 | _aBLK | ||
| 041 |
_aBUL _cBUL |
||
| 080 |
_aПазар. Анализ на пазара. Търсене. Предлагане. Конкуренция. Маркетингова логистика _b339.13 _x(075.8) _z339.13(075.8) |
||
| 100 | 1 |
_aКаракашева, Лилия Вълчева _eпърви автор _9363710 |
|
| 139 |
_aКаракашева, Лилия Вълчева и др. _bК 32 |
||
| 245 | 1 | 0 |
_aМаркетинг _bЧ. 1 - _cЛилия Вълчева Каракашева; съавт. Лиляна Филипова Менчева; съавт. Благодатка Пенчева Маркова. _nЧ. 2 |
| 250 | _a2. прераб. и доп. изд. | ||
| 257 | _aBGR | ||
| 260 |
_c2005 - _aСофия изд.къща Призма |
||
| 300 | _c28 см | ||
| 380 | _a3 | ||
| 500 | _a1. изд. 1997. - В кн. означено 3. прераб. и доп. изд. | ||
| 650 | 4 |
_aМаркетинг - учебници за ВУЗ _9242328 |
|
| 653 | _aмаркетинг | ||
| 653 | _aучебници за ВУЗ | ||
| 700 | 1 |
_aМенчева, Лиляна Филипова _eсъавт. _994851 |
|
| 700 | 1 |
_aМаркова, Благодатка Пенчева _eсъавт. _9365032 |
|
| 760 | 1 |
_aКаракашева, Лилия Вълчева _b2. прераб. и доп. изд. _dПризма, 2006 _h279 с. _tЧ. 2 |
|
| 852 | _aЦб ІІ 14283 | ||
| 856 | 4 | _qpdf | |
| 856 | 4 | _qpdf | |
| 942 |
_cKNG _n0 _03 _s1 |
||
| 944 |
_aCR _c12.06.2007 _k30534 _lРадостина Карадакова |
||
| 944 |
_aED _c26.11.2012 |
||
| 999 | _d71296 | ||
| 999 | _d71296 | ||